000 00712nam#a22002655a#4500
001 828
245 1 0 _aHigiene e inspección de carnes de ave /
_cA. S. Bremner.
250 _a1ª ed.
260 _aZaragoza :
_bAcribia,
_c1977.
300 _a210 p. :
_bfot. ;
_c21 cm.
100 1 _aBremner, A. S.
080 _a637.54
084 _aB82
653 _aProducción avícola
653 _aAnatomía aviar
653 _aFaenado de aves
653 _aBacteriología aviar
653 _aAlmacenamiento de la carne aviar
653 _aHigiene en producción aviar
040 _aAR-ClEAG
_cAR-ClEAG
008 090331s1977####xx#o#####f####001#0#spa#d
005 20241107184649.0
003 AR-ClEAG
942 _cBK
999 _c828
_d828
980 _62
_aEvangelina Gallicchio
_82
_gEvangelina Gallicchio